Normal view
MARC view
Entry Nombre de reunión
001 - NÚMERO DE CONTROL
- campo de control: 27635
003 - IDENTIFICADOR DEL NÚMERO DE CONTROL
- campo de control: FranzMayer
005 - FECHA Y HORA DE LA ÚLTIMA TRANSACCIÓN
- campo de control: 20190320211326.0
008 - DATOS DE LONGITUD FIJA
- campo de control de longitud fija: 190320|| aca||aabn | a|a d
040 ## - FUENTE DE LA CATALOGACIÓN
- Centro catalogador/agencia de origen: FranzMayer
- Centro/agencia transcriptor: FranzMayer
111 ## - ENCABEZAMIENTO--NOMBRE DE CONGRESO/REUNIÓN
- Nombre de congreso/reunión o jurisdicción como elemento de entrada: Coloquio de Historia de la Religión en Mesoamérica y Areas Afines
- Número del congreso/reunión o número de parte o sección: (II
- Fecha del congreso/reunión: 2-4 septiembre 1986
- Sede del congreso/Lugar de la reunión: Unidad de Seminarios Ignacio Chávez)
670 ## - FUENTE DE DATOS ENCONTRADOS
- Cita de la fuente: Work cat.: (FranzMayer): Coloquio de Historia de la Religión en Mesoamérica y Areas Afines (II 2-4 septiembre 1986 Unidad de Seminarios Ignacio Chávez), Historia de la religión en Mesoamérica y áreas afines, 1990